000 00275nam a2200109Ia 4500
008 230907s9999||||xx |||||||||||||| ||und||
082 _a333.79,NAR
100 _aNarbel, Patrick.
_9115090
245 0 _aEnergy Technologies and Economics/
300 _ax, 255 p.:
942 _cBK
999 _c597526
_d597526